| 000 | 00725nam a22002657a 4500 | ||
|---|---|---|---|
| 001 | |||
| 003 | OSt | ||
| 005 | 20190426070845.0 | ||
| 007 | |||
| 008 | 180913b xxu||||| |||| 00| 0 spa d | ||
| 010 | _a | ||
| 015 |
_2 _a _q |
||
| 016 | _a | ||
| 027 | _q | ||
| 040 | _cPJ | ||
| 100 |
_92746 _aMoras Mom, Jorge R. |
||
| 245 | 1 | 3 |
_aEl delito de insolvencia fraudulenta / _cJorge R. Moras Mom. |
| 260 |
_aBuenos Aires : _bAbeledo - Perrot, _c1975. |
||
| 300 |
_a135 p. _c20 cm |
||
| 650 | 0 |
_9343 _aDERECHO PENAL |
|
| 650 | 0 |
_9344 _aDELITOS CONTRA LA PROPIEDAD |
|
| 650 | 0 |
_94031 _aQUEBRADOS Y OTROS DEUDORES PUNIBLES |
|
| 650 | 0 |
_94033 _aINSOLVENCIA FRAUDULENTA |
|
| 942 |
_2udc _cLIB _h343.537 _iMOR |
||
| 999 |
_c2654 _d2654 |
||